| 000 | 00581nam a2200205Ia 4500 | ||
|---|---|---|---|
| 003 | OSt | ||
| 005 | 20260514124856.0 | ||
| 008 | 210210b1994 xxu||||| |||| 00| 0 eng d | ||
| 040 | _cAL | ||
| 041 | _aTulu | ||
| 082 | _a398.2K BANT | ||
| 100 |
_aBANNANJE BABU AMIN. _dಬನ್ನಂಜೆ ಬಾಬು ಅಮೀನ್ _9263956 |
||
| 245 |
_aTulu Janapada. _bತುಳು ಜಾನಪದ. |
||
| 260 |
_aBansalhitlu _bGurubharati Adhyayana Kendra _c1994 |
||
| 300 | _a143 | ||
| 650 |
_aTulu janapada _9263957 |
||
| 690 |
_aFolklore _9263958 |
||
| 906 | _a049418 | ||
| 942 |
_2ddc _cBK |
||
| 999 |
_c97967 _d97967 |
||